000 00314nam a22001217a 4500
020 _a07-001536-8
082 _a658.5 MAN'W
100 _aHARVEY, P.D,WILSON, F.W
_956990
245 _aMANUFACTURING PLANNING AND ESTIMATING HANDBOOK
260 _aNEWYORK
_bMCGRAW HILL
_c1963
300 _aXIII, 20-80P
942 _cBK
999 _c584073
_d584073